L'educació com a pràctica de la llibertat i altres escrits / Paulo Freire ; traducció d'Andreu Roca ; pròleg de Jaume Botey
Descripción Física:
LV, 187 p. : il. ; 20 cm
Colección:
Textos pedagògics ; 13
MARC
| LEADER | 00000nam a2200000Ia 4500 | ||
|---|---|---|---|
| 001 | 7895 | ||
| 008 | 160829s1987 xx 000 0 cat d | ||
| 080 | |a E-1-132 | ||
| 100 | |a Freire, Paulo |9 32920 |e autor | ||
| 245 | |a L'educació com a pràctica de la llibertat i altres escrits / Paulo Freire ; traducció d'Andreu Roca ; pròleg de Jaume Botey | ||
| 260 | |a Vic : |b Eumo ; Barcelona : |b Diputació de Barcelona, |c 1987 | ||
| 300 | |a LV, 187 p. : |b il. ; |c 20 cm | ||
| 490 | |a Textos pedagògics ; 13 | ||
| 650 | |a Educació |9 25969 | ||
| 650 | |a Pedagogia |9 35391 | ||
| 700 | |a Roca, Andreu, tr. |9 22874 |e traductor | ||
| 700 | 1 | |a Botey Vallès, Jaume, |d 1940-2018 |e autor del pròleg |9 19 | |
| 710 | 1 | |a Barcelona (Catalunya : Província). |b Diputació |9 52408 | |
| 901 | |a Arxiu | ||
| 942 | |n 1 |2 udc | ||
| 952 | |0 0 |1 0 |4 0 |6 E1132 |7 1 |9 46145 |a Arxiu |b Arxiu |d 2016-12-01 |l 0 |o E-1-132 |p 7895 |r 2016-12-01 00:00:00 |w 2016-12-01 |y ARXIU | ||
| 999 | |c 49647 |d 49647 | ||